| 000 | 00477pab a2200181 454500 | ||
|---|---|---|---|
| 008 | 180718b2007 xxu||||| |||| 00| 0 eng d | ||
| 100 | _aKabir, Humayun | ||
| 245 | _aPutting the poor first: a reconnaissance of poverty reduction strategies in Bangladesh | ||
| 260 | _c2007 | ||
| 300 | _ap.63-78. | ||
| 362 | _aJul-Sep | ||
| 650 | _aPoverty - Bangladesh | ||
| 650 | _aPoverty | ||
| 700 | _aKhan, Niaz Ahmed | ||
| 773 | _aIASSI Quarterly | ||
| 908 | _aN | ||
| 909 | _a81237 | ||
| 999 |
_c81237 _d81237 |
||